000 00317nam a2200121Ia 4500
008 240731s9999 xx 000 0 und d
022 _a2169-2610
245 0 _aJournal of Small Business & Entrepreneurship
260 _bRoutledge
856 _uhttps://www.tandfonline.com/loi/rsbe20
942 _2ddc
942 _cTFEJ
999 _c78157
_d78157
945 _a1
_bMadushi Gamage
_c1
_dMadushi Gamage